000 00578cam a22002053a 4500
001 38777
003 PGUSA
005 20140828083844.0
008 120206s2012||||xxu|||||s|||||000 | eng d
040 _aPGUSA
_beng
042 _adc
100 1 _aTerhune, Albert Payson,
_d1872-1942
245 1 0 _aLad :
_bA Dog
_h[electronic resource] /
_cAlbert Payson Terhune
260 _bProject Gutenberg,
_c2012
506 _aPublic domain in the USA.
516 _aElectronic text
830 0 _aProject Gutenberg
_v38777
856 4 0 _uhttp://www.gutenberg.org/ebooks/38777
942 _cEB
999 _c268031
_d268031